Az ellenőrzés, értékelés és osztályozás az orosz nyelv oktatásában
Elmentve itt :
| Szerző: | |
|---|---|
| További közreműködők: | |
| Dokumentumtípus: | Szakdolgozat |
| Megjelent: |
1983
|
| Tárgyszavak: | |
| Online Access: | http://diploma.bibl.u-szeged.hu/78840 |
| LEADER | 00577nta a2200157 i 4500 | ||
|---|---|---|---|
| 001 | dipl78840 | ||
| 005 | 20200623113919.0 | ||
| 008 | 190719s1983 hu om 0|| hun d | ||
| 040 | |a SZTE Diploma Repozitórium |b hun | ||
| 041 | |a hun | ||
| 100 | 1 | |a Ferenczi Imréné | |
| 245 | 1 | 3 | |a Az ellenőrzés, értékelés és osztályozás az orosz nyelv oktatásában |h [elektronikus dokumentum] / |c Imréné Ferenczi |
| 260 | |c 1983 | ||
| 650 | 4 | |a Pedagógusképzés | |
| 700 | 1 | |a Héjjas Endre |e ths | |
| 856 | 4 | 0 | |u http://diploma.bibl.u-szeged.hu/id/eprint/78840/1/1983_ferenczi_imrene.pdf |z Dokumentum-elérés |